| 000 | 00394nam a22001457a 4500 | ||
|---|---|---|---|
| 005 | 20250205145720.0 | ||
| 008 | 250205b |||||||| |||| 00| 0 eng d | ||
| 020 | _a9788178845814 | ||
| 050 |
_aHG8054 _b.5 RAZ |
||
| 100 | _aRazdan, Dheeraj | ||
| 245 | _aPrinciples of risk management and insurance | ||
| 260 |
_aNew Delhi _bCyber Tech Publications _cc2010 |
||
| 300 | _a256p | ||
| 942 |
_2lcc _cBK _n0 |
||
| 999 |
_c3450 _d3450 |
||